000 01242cam a22001814a 4500
005 20250605164349.0
008 250528s ||||||||||||||||||||||||d
035 _a24083
040 _aGR-AtMCL
_bgre
_dGR-AtMCL
_eAACR2
245 1 _aΟικονομικό Βαρόμετρο Ε.Β.Ε.Α.: Επιφυλακτική η Ελληνική Κοινψνία στην Προοπτική Μείωσης των Τιμών Βασικών Προϊόντων
260 _bΕμπορικό Και Βιομηχανικό Επιμελητήριο Αθηνών,
_c2014
300 _a64
520 _aΕκδήλψση Ε.Β.Ε.Α. - EPLO, Η Πράσινη Βίβλος Σχετικά με το Μέλλον του Φ.Π.Α. στην Ε.Ε., Εμμονή στις Εθνικές μας Θέσεις, Ενεργειακή Ανάσα στη Βιομηχανία, Αρνητικό Πρόσημο για τις Ελληνικές Εξαγωγές, Η Πανεπιστημίου και το Κέντρο Αλλάζουν, Η Εύλογη Διάρκεια της Δίκης και οι Συνέπειες της Παραβίασης της.
700 1 _aΜίχαλος Κωνσταντίνος
_94319
942 _cCR
999 _c8982
_d8982